<?xml version="1.0" encoding="UTF-8"?>
<marc:record xmlns:marc="http://www.loc.gov/MARC21/slim">
   <marc:leader>00000nam a2200000 a 4500</marc:leader>
   <marc:datafield ind1="1" ind2=" " tag="100">
      <marc:subfield code="a">Lane, Andrew</marc:subfield>
      <marc:subfield code="4">aut</marc:subfield>
      <marc:subfield code="e">Verfasser/-in</marc:subfield>
   </marc:datafield>
   <marc:datafield ind1="0" ind2="0" tag="245">
      <marc:subfield code="a">AGENT IMPOSSIBLE - Einsatz in Tokio</marc:subfield>
   </marc:datafield>
   <marc:datafield ind1="0" ind2="0" tag="245">
      <marc:subfield code="c">Lane, Andrew</marc:subfield>
   </marc:datafield>
   <marc:datafield ind1=" " ind2="1" tag="264">
      <marc:subfield code="a">München</marc:subfield>
      <marc:subfield code="b">cbj</marc:subfield>
      <marc:subfield code="c">2020</marc:subfield>
   </marc:datafield>
   <marc:datafield ind1="1" ind2=" " tag="490">
      <marc:subfield code="a">Agent Impossible</marc:subfield>
      <marc:subfield code="v">4</marc:subfield>
   </marc:datafield>
   <marc:datafield ind1=" " ind2=" " tag="250">
      <marc:subfield code="a">Deutsche Erstausgabe</marc:subfield>
   </marc:datafield>
   <marc:datafield ind1="1" ind2=" " tag="520">
      <marc:subfield code="a">Angaben aus der Verlagsmeldung

AGENT IMPOSSIBLE - Einsatz in Tokio A.W.O.L. 04 / von Andrew Lane

Agent Without Licence – in tödlicher Gefahr

Das AR-Equipment, mit dem Kieron und Bex ihre Missionen durchführen, funktioniert plötzlich nicht mehr. Der VR-Link ist unterbrochen. Auf der Suche nach den Saboteuren fliegt Bex nach Japan, wo sich das geheime Satellitenkontrollzentrum befindet. Mit Kierons Hilfe gelingt es ihr, in das von Wachrobotern geschützte Gebäude einzudringen. Gleichzeitig entdeckt Kieron zu Hause in Newcastle, dass eine rechtsextreme Vereinigung Zugang zu einer giftigen Chemikalie hat, die per Funk aktiviert werden kann. Hunderttausende Menschen könnten auf einen Schlag sterben. Können Kieron und Bex die Welt retten – und werden sie die Mission lebend überstehen?

</marc:subfield>
   </marc:datafield>
   <marc:datafield ind1=" " ind2=" " tag="020">
      <marc:subfield code="a">9783570165904</marc:subfield>
      <marc:subfield code="9">9783570165904</marc:subfield>
   </marc:datafield>
   <marc:datafield ind1=" " ind2=" " tag="020">
      <marc:subfield code="a">3570165906</marc:subfield>
      <marc:subfield code="9">3570165906</marc:subfield>
   </marc:datafield>
   <marc:datafield ind1=" " ind2=" " tag="041">
      <marc:subfield code="a">ger</marc:subfield>
   </marc:datafield>
   <marc:datafield ind1=" " ind2=" " tag="300">
      <marc:subfield code="a">304 Seiten</marc:subfield>
   </marc:datafield>
</marc:record>
